| 000 | 00590nam a22002057a 4500 | ||
|---|---|---|---|
| 003 | BUBTL | ||
| 008 | 220427b ||||| |||| 00| 0 eng d | ||
| 020 | _a9848372149 | ||
| 082 | _a346/ H7949t/ 2013 | ||
| 100 |
_91820 _aHossain, Md. Iqbal |
||
| 245 |
_aText Book on Commercial Law / _cMd. Iqbal Hossain |
||
| 250 | _a2nd Edn. | ||
| 260 |
_aDhaka _bAin Prokashan _cc2013 |
||
| 300 |
_axxviii, 803 p.: _c21 cm. |
||
| 505 | _aCommercial Law, Md. Iqbal Hossain | ||
| 650 | 0 |
_926 _aLaw |
|
| 856 |
_k0 _l0 _yDownload |
||
| 942 |
_2ddc _cBK |
||
| 999 |
_c6693 _d6693 |
||